<?xml version="1.0" encoding="UTF-8"?>
<record
    xmlns:xsi="http://www.w3.org/2001/XMLSchema-instance"
    xsi:schemaLocation="http://www.loc.gov/MARC21/slim http://www.loc.gov/standards/marcxml/schema/MARC21slim.xsd"
    xmlns="http://www.loc.gov/MARC21/slim">

  <leader>00555nam a22001697a 4500</leader>
  <controlfield tag="005">20250529160852.0</controlfield>
  <datafield tag="010" ind1=" " ind2=" ">
    <subfield code="a">ENG-145053</subfield>
  </datafield>
  <datafield tag="020" ind1=" " ind2=" ">
    <subfield code="a">9789385502156</subfield>
    <subfield code="c">500.00</subfield>
  </datafield>
  <datafield tag="035" ind1=" " ind2=" ">
    <subfield code="a">EN-128585</subfield>
  </datafield>
  <datafield tag="037" ind1=" " ind2=" ">
    <subfield code="b">DBAB</subfield>
  </datafield>
  <datafield tag="082" ind1=" " ind2=" ">
    <subfield code="a">363.7</subfield>
  </datafield>
  <datafield tag="245" ind1=" " ind2=" ">
    <subfield code="a">Environment People and Management/</subfield>
    <subfield code="c">Edited by Subrata Pan...[et.al]</subfield>
  </datafield>
  <datafield tag="260" ind1=" " ind2=" ">
    <subfield code="a">New Delhi</subfield>
    <subfield code="b">Renu Publishers</subfield>
    <subfield code="c">2016</subfield>
  </datafield>
  <datafield tag="270" ind1=" " ind2=" ">
    <subfield code="a">90, Sainik Vihar, Mohan Garden</subfield>
    <subfield code="b">New Delhi</subfield>
    <subfield code="e">110059</subfield>
    <subfield code="k">011-23256188</subfield>
    <subfield code="m">renupublishers@gmail.com</subfield>
  </datafield>
  <datafield tag="300" ind1=" " ind2=" ">
    <subfield code="a">xxxiii,263p.</subfield>
    <subfield code="c">24cm(pb)</subfield>
  </datafield>
  <datafield tag="942" ind1=" " ind2=" ">
    <subfield code="2">ddc</subfield>
    <subfield code="c">EN</subfield>
    <subfield code="h">363.7</subfield>
    <subfield code="m">ENV</subfield>
  </datafield>
  <datafield tag="999" ind1=" " ind2=" ">
    <subfield code="c">211448</subfield>
    <subfield code="d">211448</subfield>
  </datafield>
  <datafield tag="952" ind1=" " ind2=" ">
    <subfield code="0">0</subfield>
    <subfield code="1">0</subfield>
    <subfield code="4">0</subfield>
    <subfield code="7">0</subfield>
    <subfield code="8">NFIC</subfield>
    <subfield code="a">NPL</subfield>
    <subfield code="b">NPL</subfield>
    <subfield code="d">2025-05-29</subfield>
    <subfield code="e">Delivery of Books Act Division</subfield>
    <subfield code="g">500.00</subfield>
    <subfield code="l">0</subfield>
    <subfield code="o">363.7 ENV</subfield>
    <subfield code="p">EN-128585</subfield>
    <subfield code="r">2025-05-29 00:00:00</subfield>
    <subfield code="t">1</subfield>
    <subfield code="v">500.00</subfield>
    <subfield code="w">2025-05-29</subfield>
    <subfield code="y">EN</subfield>
  </datafield>
</record>
